000 00752nam a22001935a 4500
005 20180818145257.0
010 _aB-417982-007
020 _a8184080549
_c350.00
035 _aB-417982-007, B-221488
037 _bIndiana Publishing House
082 _a808.85
100 _aPruthi, R.K.
245 _aThe great speeches:
_cby R.K. Pruthi
_bincluding nobel peace prize acceptance address /
260 _aNew Delhi
_bIndiana Publishing House
_c2009(repr.).
270 _a2/13, Ansari Road, Daryaganj
_bNew Delhi
_e110002
300 _ax, 565p.
_c22cm(pbk)
942 _2ddc
_cEN
_mPUR
_h808.85
999 _c35745
_d35745